Expanzia ropných spoločností Číny na africký kontinent diplomová práca

Uložené v:
Podrobná bibliografia
Hlavný autor: Dobšinský, Matej
Korporativný autor: Obchodná fakulta EU. Katedra medzinárodného obchodu
Ďalší autori: Verček, Peter
Médium: Kniha
Jazyk:Slovak
Vydavateľské údaje: Bratislava 2009
Tagy: Pridať tag
Žiadne tagy, Buďte prvý, kto otaguje tento záznam!

MARC

LEADER 00000nam$a2200000$$$4500
001 0100596
005 20240318133634.8
041 0 |a slo 
044 |a SK 
245 1 0 |a Expanzia ropných spoločností Číny na africký kontinent  |b diplomová práca  |c Matej Dobšinský ; škol. Peter Verček 
264 1 |a Bratislava  |c 2009 
300 |a 73 s. 
100 1 |a Dobšinský, Matej 
700 1 |a Verček, Peter 
710 2 |a Obchodná fakulta EU. Katedra medzinárodného obchodu